[Event "XLIV Memoriał Szachowy Ludwika Zamenhofa 2025, Grupa B"]
[Site "Bialystok, Poland"]
[Date "2025.12.30"]
[Round "8.28"]
[White "Saliuk, Maryia"]
[Black "Nowak, Roksana"]
[Result "1/2-1/2"]
[TimeControl "90'+30\""]
[WhiteElo "1742"]
[BlackElo "1900"]

1. f4 {[%clk 01:25:42]} {[%emt 00:05:17]} c5 {[%clk 01:30:43]} {[%emt
00:00:17]} 2. e3 {[%clk 01:25:03]} {[%emt 00:01:10]} g6 {[%clk 01:30:59]}
{[%emt 00:00:14]} 3. Nc3 {[%clk 01:25:17]} {[%emt 00:00:16]} Bg7 {[%clk
01:31:23]} {[%emt 00:00:06]} 4. e4 {[%clk 01:24:44]} {[%emt 00:01:03]} d6
{[%clk 01:30:35]} {[%emt 00:01:18]} 5. Nf3 {[%clk 01:25:09]} {[%emt 00:00:05]}
a6 {[%clk 01:30:11]} {[%emt 00:00:55]} 6. Be2 {[%clk 01:25:07]} {[%emt
00:00:31]} Nc6 {[%clk 01:29:45]} {[%emt 00:00:56]} 7. O-O {[%clk 01:25:18]}
{[%emt 00:00:18]} e6 {[%clk 01:28:34]} {[%emt 00:01:40]} 8. d3 {[%clk
01:24:31]} {[%emt 00:01:18]} Nge7 {[%clk 01:28:14]} {[%emt 00:00:51]} 9. Qe1
{[%clk 01:23:46]} {[%emt 00:01:15]} O-O {[%clk 01:24:25]} {[%emt 00:04:19]} 10.
Qh4 {[%clk 01:22:53]} {[%emt 00:01:23]} Nd4 {[%clk 01:23:06]} {[%emt 00:01:49]}
11. Bd1 {[%clk 01:21:22]} {[%emt 00:02:01]} Nec6 {[%clk 01:19:03]} {[%emt
00:04:33]} 12. Qxd8 {[%clk 01:21:00]} {[%emt 00:00:52]} Rxd8 {[%clk 01:19:22]}
{[%emt 00:00:11]} 13. Na4 {[%clk 01:12:52]} {[%emt 00:08:39]} b5 {[%clk
01:09:32]} {[%emt 00:10:19]} 14. Nb6 {[%clk 01:10:41]} {[%emt 00:02:41]} Rb8
{[%clk 01:10:00]} {[%emt 00:00:03]} 15. Nxc8 {[%clk 01:11:02]} {[%emt
00:00:09]} Rdxc8 {[%clk 01:10:12]} {[%emt 00:00:18]} 16. c3 {[%clk 01:00:42]}
{[%emt 00:10:51]} Nxf3+ {[%clk 01:10:34]} {[%emt 00:00:07]} 17. Bxf3 {[%clk
01:01:07]} {[%emt 00:00:05]} b4 {[%clk 01:07:48]} {[%emt 00:03:17]} 18. c4
{[%clk 00:51:35]} {[%emt 00:10:02]} Nd4 {[%clk 00:57:25]} {[%emt 00:10:53]} 19.
Rb1 {[%clk 00:51:34]} {[%emt 00:00:31]} a5 {[%clk 00:37:38]} {[%emt 00:20:17]}
20. Bd2 {[%clk 00:32:05]} {[%emt 00:20:00]} Rc7 {[%clk 00:30:52]} {[%emt
00:07:15]} 21. Kf2 {[%clk 00:28:56]} {[%emt 00:03:39]} Rd8 {[%clk 00:26:35]}
{[%emt 00:04:48]} 22. Rfd1 {[%clk 00:27:37]} {[%emt 00:01:48]} f5 {[%clk
00:21:51]} {[%emt 00:05:14]} 23. Be3 {[%clk 00:23:56]} {[%emt 00:04:12]} Rf7
{[%clk 00:18:43]} {[%emt 00:03:38]} 24. g3 {[%clk 00:18:11]} {[%emt 00:06:15]}
Nc2 {[%clk 00:15:01]} {[%emt 00:04:11]} 25. Bd2 {[%clk 00:17:45]} {[%emt
00:00:56]} a4 {[%clk 00:13:16]} {[%emt 00:02:15]} 26. Rdc1 {[%clk 00:17:10]}
{[%emt 00:01:05]} Nd4 {[%clk 00:13:17]} {[%emt 00:00:30]} 27. Be3 {[%clk
00:14:19]} {[%emt 00:03:21]} Kf8 {[%clk 00:09:06]} {[%emt 00:04:40]} 28. Kg2
{[%clk 00:10:21]} {[%emt 00:04:27]} Kg8 {[%clk 00:06:37]} {[%emt 00:03:00]} 29.
Bd1 {[%clk 00:07:48]} {[%emt 00:03:04]} Ra7 {[%emt 00:00:55]} 30. Bf3 {[%clk
00:07:48]} a3 {[%clk 00:06:50]} {[%emt 00:00:21]} 31. b3 {[%clk 00:08:14]}
{[%emt 00:00:04]} Rf7 {[%clk 00:06:11]} {[%emt 00:01:10]} 32. Re1 {[%clk
00:04:10]} {[%emt 00:04:33]} Nc2 {[%clk 00:03:36]} {[%emt 00:03:05]} 33. Re2
{[%clk 00:04:35]} {[%emt 00:00:05]} Nxe3+ {[%clk 00:04:04]} {[%emt 00:00:03]}
34. Rxe3 {[%clk 00:05:00]} {[%emt 00:00:05]} Bd4 {[%clk 00:04:31]} {[%emt
00:00:03]} 35. Re2 {[%clk 00:05:23]} {[%emt 00:00:07]} fxe4 {[%clk 00:04:12]}
{[%emt 00:00:48]} 36. Rxe4 {[%clk 00:04:39]} {[%emt 00:01:14]} e5 {[%clk
00:02:37]} {[%emt 00:02:05]} 37. fxe5 {[%clk 00:04:24]} {[%emt 00:00:46]} dxe5
{[%clk 00:02:37]} {[%emt 00:00:29]} 38. Re2 {[%clk 00:04:43]} {[%emt 00:00:11]}
Kg7 {[%clk 00:03:02]} {[%emt 00:00:06]} 39. Bd5 {[%clk 00:05:01]} {[%emt
00:00:12]} Rf6 {[%clk 00:03:18]} {[%emt 00:00:13]} 40. Rf1 {[%clk 00:05:18]}
{[%emt 00:00:13]} Rdf8 {[%clk 00:03:11]} {[%emt 00:00:37]} 41. Rxf6 {[%clk
00:05:43]} {[%emt 00:00:06]} Rxf6 {[%clk 00:03:39]} {[%emt 00:00:02]} 42. Be4
{[%clk 00:06:01]} {[%emt 00:00:11]} 1/2-1/2

[Event "XLIV Memoriał Szachowy Ludwika Zamenhofa 2025, Grupa B"]
[Site "Bialystok, Poland"]
[Date "2025.12.30"]
[Round "8.29"]
[White "Krynicki, Filip"]
[Black "Borowik, Monika"]
[Result "1/2-1/2"]
[TimeControl "90'+30\""]
[WhiteElo "1827"]
[BlackElo "1732"]

1. d4 {[%emt 00:02:42]} d5 {[%clk 01:27:52]} {[%emt 00:00:29]} 2. c4 {[%clk
01:31:22]} {[%emt 00:00:05]} c6 {[%clk 01:28:16]} {[%emt 00:00:07]} 3. cxd5
{[%clk 01:31:48]} {[%emt 00:00:03]} cxd5 {[%clk 01:28:28]} {[%emt 00:00:18]} 4.
Nf3 {[%clk 01:32:13]} {[%emt 00:00:04]} Nc6 {[%clk 01:28:28]} {[%emt 00:00:31]}
5. Nc3 {[%clk 01:32:38]} {[%emt 00:00:04]} Nf6 {[%clk 01:28:19]} {[%emt
00:00:39]} 6. Bf4 {[%clk 01:33:03]} {[%emt 00:00:05]} Qb6 {[%clk 01:25:32]}
{[%emt 00:03:18]} 7. Qb3 {[%clk 01:26:00]} {[%emt 00:07:32]} Qxb3 {[%clk
01:10:47]} {[%emt 00:15:16]} 8. axb3 {[%clk 01:26:11]} {[%emt 00:00:19]} Bd7
{[%clk 01:05:28]} {[%emt 00:05:49]} 9. e3 {[%clk 01:24:48]} {[%emt 00:01:53]}
Nb4 {[%clk 00:48:08]} {[%emt 00:17:50]} 10. Rc1 {[%clk 01:22:18]} {[%emt
00:02:59]} Rc8 {[%clk 00:46:54]} {[%emt 00:01:45]} 11. h3 {[%clk 01:20:09]}
{[%emt 00:02:38]} e6 {[%clk 00:44:53]} {[%emt 00:02:31]} 12. Be2 {[%clk
01:20:28]} {[%emt 00:00:11]} Be7 {[%clk 00:40:36]} {[%emt 00:04:47]} 13. O-O
{[%clk 01:20:21]} {[%emt 00:00:36]} O-O {[%clk 00:39:48]} {[%emt 00:01:20]} 14.
Ne5 {[%clk 01:15:56]} {[%emt 00:04:54]} Rfd8 {[%clk 00:34:00]} {[%emt
00:06:19]} 15. Nxd7 {[%clk 01:12:54]} {[%emt 00:03:31]} Nxd7 {[%clk 00:31:41]}
{[%emt 00:02:48]} 16. Nb5 {[%clk 01:11:26]} {[%emt 00:02:00]} Nc6 {[%emt
00:11:09]} 17. Bc7 {[%clk 00:54:30]} {[%emt 00:11:37]} Re8 {[%clk 00:21:28]}
{[%emt 00:05:53]} 18. Bd6 {[%clk 00:54:13]} {[%emt 00:00:46]} Nf6 {[%clk
00:20:40]} {[%emt 00:01:18]} 19. f3 {[%clk 00:53:38]} {[%emt 00:01:05]} a6
{[%clk 00:12:52]} {[%emt 00:08:19]} 20. Bxe7 {[%clk 00:54:06]} {[%emt
00:00:02]} Rxe7 {[%clk 00:13:20]} 21. Nd6 {[%clk 00:51:19]} {[%emt 00:03:17]}
Rd8 {[%clk 00:13:39]} {[%emt 00:00:12]} 22. Nxb7 {[%clk 00:50:41]} {[%emt
00:01:08]} Rxb7 {[%clk 00:14:07]} {[%emt 00:00:02]} 23. Rxc6 {[%clk 00:51:03]}
{[%emt 00:00:07]} Rxb3 {[%clk 00:14:30]} {[%emt 00:00:07]} 24. Rb1 {[%clk
00:48:56]} {[%emt 00:02:37]} a5 {[%clk 00:13:12]} {[%emt 00:01:48]} 25. Kf2
{[%clk 00:47:16]} {[%emt 00:02:10]} Ra8 {[%clk 00:12:12]} {[%emt 00:01:30]} 26.
Bd1 {[%clk 00:44:29]} {[%emt 00:03:17]} Rb7 {[%clk 00:10:51]} {[%emt 00:01:52]}
27. b3 {[%clk 00:44:03]} {[%emt 00:00:56]} g6 {[%clk 00:09:11]} {[%emt
00:02:10]} 28. Rbc1 {[%clk 00:42:45]} {[%emt 00:01:48]} Kg7 {[%clk 00:06:24]}
{[%emt 00:03:16]} 29. Rc7 {[%clk 00:41:40]} {[%emt 00:01:36]} Raa7 {[%clk
00:06:33]} {[%emt 00:00:21]} 30. Rxb7 {[%clk 00:40:59]} {[%emt 00:01:11]} Rxb7
{[%clk 00:07:01]} 31. Rc5 {[%clk 00:41:28]} Ra7 {[%clk 00:07:06]} {[%emt
00:00:26]} 32. Bc2 {[%clk 00:40:11]} {[%emt 00:01:46]} Ne8 {[%clk 00:05:17]}
{[%emt 00:02:18]} 33. e4 {[%clk 00:40:11]} {[%emt 00:00:31]} Rc7 {[%clk
00:04:57]} {[%emt 00:00:49]} 34. Bd3 {[%clk 00:37:23]} {[%emt 00:03:18]} Rxc5
{[%clk 00:03:54]} {[%emt 00:01:34]} 35. dxc5 {[%clk 00:37:52]} dxe4 {[%clk
00:04:01]} {[%emt 00:00:23]} 36. Bxe4 {[%clk 00:37:55]} {[%emt 00:00:26]} Nc7
{[%clk 00:03:48]} {[%emt 00:00:43]} 37. Ke3 {[%clk 00:37:58]} {[%emt 00:00:27]}
f5 {[%clk 00:04:08]} {[%emt 00:00:10]} 38. Bc6 {[%clk 00:27:48]} {[%emt
00:10:40]} e5 {[%clk 00:04:28]} {[%emt 00:00:11]} 39. Kd3 {[%clk 00:28:07]}
{[%emt 00:00:11]} Kf6 {[%clk 00:04:46]} {[%emt 00:00:12]} 40. Kc4 {[%clk
00:28:23]} {[%emt 00:00:14]} h5 {[%clk 00:02:38]} {[%emt 00:02:38]} 41. h4
{[%clk 00:26:48]} {[%emt 00:02:04]} g5 {[%clk 00:02:03]} {[%emt 00:01:06]} 42.
Bd7 {[%clk 00:27:13]} {[%emt 00:00:05]} gxh4 {[%clk 00:01:35]} {[%emt
00:00:57]} 43. c6 {[%clk 00:27:13]} {[%emt 00:00:30]} e4 {[%clk 00:00:45]}
{[%emt 00:01:20]} 44. fxe4 {[%clk 00:27:08]} {[%emt 00:00:35]} fxe4 {[%clk
00:01:14]} 45. Kd4 {[%clk 00:27:32]} {[%emt 00:00:07]} Ke7 {[%clk 00:01:37]}
{[%emt 00:00:06]} 46. Kxe4 {[%clk 00:27:32]} {[%emt 00:00:31]} Kd6 {[%clk
00:01:08]} {[%emt 00:00:59]} 47. Kf5 {[%clk 00:25:45]} {[%emt 00:02:17]} Nd5
{[%clk 00:01:03]} {[%emt 00:00:35]} 48. Ke4 {[%emt 00:04:43]} Nf6+ {[%emt
00:00:04]} 49. Kf5 {[%emt 00:00:04]} 1/2-1/2

[Event "XLIV Memoriał Szachowy Ludwika Zamenhofa 2025, Grupa B"]
[Site "Bialystok, Poland"]
[Date "2025.12.30"]
[Round "8.30"]
[White "Piekutowska, Lena"]
[Black "Berent, Mateusz"]
[Result "1/2-1/2"]
[TimeControl "90'+30\""]
[WhiteElo "1727"]
[BlackElo "1809"]

1. e4 {[%clk 01:30:58]} {[%emt 00:00:03]} c5 {[%clk 01:16:20]} {[%emt
00:14:25]} 2. Nf3 {[%clk 01:31:22]} {[%emt 00:00:20]} e6 {[%clk 01:16:01]}
{[%emt 00:00:49]} 3. c3 {[%clk 01:31:48]} {[%emt 00:00:04]} Nf6 {[%clk
01:14:45]} {[%emt 00:01:46]} 4. e5 {[%clk 01:32:13]} {[%emt 00:00:06]} Nd5
{[%clk 01:15:10]} {[%emt 00:00:03]} 5. d4 {[%clk 01:32:39]} {[%emt 00:00:05]}
d6 {[%clk 01:14:07]} {[%emt 00:01:33]} 6. c4 {[%clk 01:24:42]} {[%emt
00:08:27]} Nc7 {[%clk 01:08:33]} {[%emt 00:06:00]} 7. dxc5 {[%clk 01:24:31]}
{[%emt 00:00:47]} dxc5 {[%clk 01:06:42]} {[%emt 00:02:20]} 8. Qxd8+ {[%clk
01:24:43]} {[%emt 00:00:18]} Kxd8 {[%clk 01:07:08]} {[%emt 00:00:02]} 9. Ng5
{[%clk 01:22:00]} {[%emt 00:03:12]} Ke8 {[%clk 01:06:56]} {[%emt 00:00:45]} 10.
Bd3 {[%clk 01:18:24]} {[%emt 00:04:05]} Nc6 {[%clk 00:52:57]} {[%emt 00:14:29]}
11. f4 {[%clk 01:17:42]} {[%emt 00:01:11]} h6 {[%clk 00:47:56]} {[%emt
00:05:32]} 12. Nf3 {[%clk 01:17:43]} {[%emt 00:00:29]} b6 {[%clk 00:47:56]}
{[%emt 00:00:30]} 13. O-O {[%clk 01:14:42]} {[%emt 00:03:31]} Bb7 {[%clk
00:46:49]} {[%emt 00:01:37]} 14. a3 {[%clk 01:13:04]} {[%emt 00:02:09]} Be7
{[%clk 00:44:40]} {[%emt 00:02:38]} 15. Nc3 {[%clk 01:12:19]} {[%emt 00:01:16]}
g6 {[%clk 00:40:36]} {[%emt 00:04:33]} 16. Be3 {[%clk 01:07:06]} {[%emt
00:05:44]} Kf8 {[%clk 00:32:57]} {[%emt 00:08:09]} 17. Rfd1 {[%clk 01:06:52]}
{[%emt 00:00:43]} Kg7 {[%clk 00:32:50]} {[%emt 00:00:37]} 18. Bc2 {[%clk
01:02:43]} {[%emt 00:04:38]} Rad8 {[%clk 00:31:11]} {[%emt 00:02:09]} 19. Rab1
{[%clk 00:57:34]} {[%emt 00:05:41]} Rxd1+ {[%clk 00:24:29]} {[%emt 00:07:12]}
20. Rxd1 {[%clk 00:57:58]} {[%emt 00:00:06]} Rd8 {[%clk 00:24:47]} {[%emt
00:00:12]} 21. Kf2 {[%clk 00:57:55]} {[%emt 00:00:33]} h5 {[%clk 00:23:39]}
{[%emt 00:01:38]} 22. Rxd8 {[%clk 00:57:12]} {[%emt 00:01:12]} 1/2-1/2

[Event "XLIV Memoriał Szachowy Ludwika Zamenhofa 2025, Grupa B"]
[Site "Bialystok, Poland"]
[Date "2025.12.30"]
[Round "8.31"]
[White "Tonga, Radoslaw"]
[Black "Wons, Krystian"]
[Result "1/2-1/2"]
[TimeControl "90'+30\""]
[WhiteElo "1720"]
[BlackElo "1807"]

1. e4 {[%clk 01:30:51]} {[%emt 00:00:08]} e6 {[%clk 01:30:23]} {[%emt
00:00:39]} 2. c4 {[%clk 01:30:58]} {[%emt 00:00:23]} c5 {[%clk 01:29:29]}
{[%emt 00:01:24]} 3. Nc3 {[%clk 01:30:46]} {[%emt 00:00:41]} Nc6 {[%clk
01:29:47]} {[%emt 00:00:12]} 4. Nf3 {[%clk 01:29:24]} {[%emt 00:01:52]} g6
{[%clk 01:29:41]} {[%emt 00:00:36]} 5. g3 {[%clk 01:28:46]} {[%emt 00:01:08]}
Bg7 {[%clk 01:30:05]} {[%emt 00:00:06]} 6. Bg2 {[%clk 01:29:10]} {[%emt
00:00:06]} Nge7 {[%clk 01:29:58]} {[%emt 00:00:37]} 7. O-O {[%clk 01:29:02]}
{[%emt 00:00:38]} O-O {[%clk 01:30:10]} {[%emt 00:00:19]} 8. d3 {[%clk
01:28:53]} {[%emt 00:00:38]} b6 {[%clk 01:21:33]} {[%emt 00:09:08]} 9. a3
{[%clk 01:25:44]} {[%emt 00:03:38]} Bb7 {[%clk 01:20:07]} {[%emt 00:01:57]} 10.
Rb1 {[%clk 01:25:41]} {[%emt 00:00:33]} d5 {[%clk 01:15:55]} {[%emt 00:04:41]}
11. cxd5 {[%clk 01:20:31]} {[%emt 00:05:40]} exd5 {[%clk 01:15:41]} {[%emt
00:00:45]} 12. Re1 {[%clk 01:17:39]} {[%emt 00:03:21]} dxe4 {[%clk 01:08:06]}
{[%emt 00:08:06]} 13. dxe4 {[%clk 01:17:48]} {[%emt 00:00:20]} Qxd1 {[%clk
01:07:18]} {[%emt 00:01:19]} 14. Rxd1 {[%clk 01:16:12]} {[%emt 00:02:04]} Rfd8
{[%clk 01:05:30]} {[%emt 00:02:19]} 15. Bf4 {[%clk 01:15:57]} {[%emt 00:00:45]}
Rxd1+ {[%clk 00:57:17]} {[%emt 00:08:44]} 16. Rxd1 {[%clk 01:16:14]} {[%emt
00:00:13]} Rd8 {[%clk 00:55:10]} {[%emt 00:02:36]} 17. Rxd8+ {[%clk 01:04:22]}
{[%emt 00:12:22]} Nxd8 {[%clk 00:55:39]} {[%emt 00:00:02]} 18. Be5 {[%clk
01:04:38]} {[%emt 00:00:13]} f6 {[%clk 00:49:36]} {[%emt 00:06:33]} 19. Bd6
{[%clk 01:03:13]} {[%emt 00:01:55]} Nc8 {[%clk 00:46:25]} {[%emt 00:03:42]} 20.
Bf4 {[%clk 01:01:50]} {[%emt 00:01:52]} Ne6 {[%clk 00:46:07]} {[%emt 00:00:49]}
21. Be3 {[%clk 01:01:22]} {[%emt 00:00:57]} Nd6 {[%clk 00:44:50]} {[%emt
00:01:47]} 22. Nd2 {[%clk 01:01:36]} {[%emt 00:00:16]} Kf7 {[%clk 00:37:24]}
{[%emt 00:07:57]} 23. f4 {[%clk 00:58:33]} {[%emt 00:03:32]} Ke7 {[%clk
00:24:56]} {[%emt 00:12:58]} 24. Kf2 {[%clk 00:55:53]} {[%emt 00:03:09]} Nc7
{[%clk 00:23:07]} {[%emt 00:02:20]} 25. a4 {[%clk 00:51:33]} {[%emt 00:04:51]}
Na6 {[%clk 00:21:48]} {[%emt 00:01:49]} 26. a5 {[%clk 00:49:15]} {[%emt
00:02:47]} Kd7 {[%clk 00:15:28]} {[%emt 00:06:51]} 27. axb6 {[%clk 00:49:19]}
{[%emt 00:00:26]} axb6 {[%clk 00:15:56]} {[%emt 00:00:02]} 28. Bh3+ {[%clk
00:48:11]} {[%emt 00:01:37]} Kc7 {[%clk 00:15:36]} {[%emt 00:00:51]} 29. Be6
{[%clk 00:46:19]} {[%emt 00:02:22]} Nb4 {[%clk 00:14:34]} {[%emt 00:01:32]} 30.
Ke2 {[%clk 00:44:59]} {[%emt 00:01:49]} Ba6+ {[%clk 00:11:49]} {[%emt
00:03:15]} 31. Kd1 {[%clk 00:45:18]} {[%emt 00:00:11]} Bd3 {[%clk 00:09:51]}
{[%emt 00:02:29]} 32. Nd5+ {[%clk 00:41:50]} {[%emt 00:03:57]} Nxd5 {[%clk
00:10:20]} {[%emt 00:00:02]} 33. Bxd5 {[%clk 00:41:03]} {[%emt 00:01:16]} h6
{[%clk 00:08:34]} {[%emt 00:02:16]} 34. Kc1 {[%clk 00:38:00]} {[%emt 00:03:34]}
g5 {[%clk 00:07:20]} {[%emt 00:01:43]} 35. h4 {[%clk 00:36:51]} {[%emt
00:01:39]} gxh4 {[%clk 00:07:04]} {[%emt 00:00:47]} 36. gxh4 {[%clk 00:37:13]}
{[%emt 00:00:07]} h5 {[%clk 00:06:10]} {[%emt 00:01:25]} 37. f5 {[%clk
00:30:38]} {[%emt 00:07:05]} c4 {[%clk 00:04:47]} {[%emt 00:01:54]} 38. Bf4
{[%clk 00:29:32]} {[%emt 00:01:35]} b5 {[%clk 00:04:32]} {[%emt 00:00:45]} 39.
Nf3 {[%clk 00:29:33]} {[%emt 00:00:28]} Kd7 {[%clk 00:03:25]} {[%emt 00:01:38]}
40. Nd4 {[%clk 00:11:22]} {[%emt 00:18:41]} Nxe4 {[%clk 00:01:26]} {[%emt
00:02:29]} 41. Bxe4 {[%clk 00:10:52]} {[%emt 00:01:00]} Bxe4 {[%clk 00:01:41]}
{[%emt 00:00:15]} 42. Ne6 {[%clk 00:11:20]} {[%emt 00:00:02]} Bxf5 {[%clk
00:00:54]} {[%emt 00:01:17]} 43. Nxg7 {[%clk 00:11:38]} {[%emt 00:00:12]} Bg4
{[%clk 00:00:55]} {[%emt 00:00:29]} 44. Kc2 {[%clk 00:04:03]} {[%emt 00:08:04]}
Ke7 {[%clk 00:01:03]} {[%emt 00:00:22]} 45. Kc3 {[%clk 00:03:34]} {[%emt
00:00:59]} Kf7 {[%clk 00:01:22]} {[%emt 00:00:12]} 46. Kb4 {[%clk 00:03:50]}
{[%emt 00:00:15]} Kxg7 {[%clk 00:01:23]} {[%emt 00:00:28]} 47. Kxb5 {[%clk
00:04:10]} {[%emt 00:00:09]} Be2 {[%clk 00:00:55]} {[%emt 00:00:58]} 48. Kb4
{[%clk 00:04:20]} {[%emt 00:00:21]} Kg6 {[%clk 00:01:13]} {[%emt 00:00:11]} 49.
b3 {[%clk 00:04:12]} {[%emt 00:00:39]} Kf5 {[%clk 00:01:15]} {[%emt 00:00:28]}
50. Bg3 {[%clk 00:03:43]} {[%emt 00:00:59]} Kg4 {[%clk 00:01:28]} {[%emt
00:00:17]} 51. Be1 {[%clk 00:04:01]} {[%emt 00:00:11]} cxb3 {[%clk 00:01:35]}
{[%emt 00:00:24]} 52. Kxb3 {[%clk 00:04:23]} {[%emt 00:00:08]} Kf3 {[%clk
00:00:51]} {[%emt 00:01:14]} 53. Kc3 {[%clk 00:04:38]} {[%emt 00:00:14]} Ke3
{[%clk 00:01:10]} {[%emt 00:00:11]} 54. Bd2 {[%clk 00:04:00]} {[%emt 00:01:10]}
Ke4 {[%clk 00:01:00]} {[%emt 00:00:39]} 55. Bh6 {[%clk 00:02:49]} {[%emt
00:01:40]} f5 {[%clk 00:00:51]} {[%emt 00:00:40]} 56. Kd2 {[%clk 00:03:11]}
{[%emt 00:00:08]} Kf3 {[%clk 00:01:03]} {[%emt 00:00:17]} 57. Ke1 {[%clk
00:03:21]} {[%emt 00:00:20]} Bb5 {[%clk 00:01:05]} {[%emt 00:00:26]} 58. Bf8
{[%clk 00:02:01]} {[%emt 00:01:53]} Kg3 {[%clk 00:00:55]} {[%emt 00:00:39]} 59.
Be7 {[%clk 00:02:15]} {[%emt 00:00:16]} Kf3 {[%clk 00:00:56]} {[%emt 00:00:30]}
60. Bd6 {[%clk 00:02:16]} {[%emt 00:00:29]} f4 {[%clk 00:00:36]} {[%emt
00:00:49]} 61. Bc7 {[%clk 00:02:08]} {[%emt 00:00:38]} Kg3 {[%clk 00:00:56]}
{[%emt 00:00:10]} 62. Bd6 {[%clk 00:02:19]} {[%emt 00:00:20]} Bc4 {[%clk
00:01:09]} {[%emt 00:00:17]} 63. Bc7 {[%clk 00:02:27]} {[%emt 00:00:22]} Kf3
{[%clk 00:01:20]} {[%emt 00:00:20]} 64. Bd6 {[%clk 00:02:40]} {[%emt 00:00:16]}
Ke3 {[%clk 00:01:39]} {[%emt 00:00:10]} 65. Bc5+ {[%clk 00:02:59]} {[%emt
00:00:12]} Kf3 {[%clk 00:01:47]} {[%emt 00:00:22]} 66. Bd6 {[%clk 00:03:21]}
{[%emt 00:00:08]} Ba6 {[%clk 00:02:07]} {[%emt 00:00:10]} 67. Bc7 {[%clk
00:03:40]} {[%emt 00:00:11]} Ke3 {[%clk 00:02:16]} {[%emt 00:00:20]} 68. Bb6+
{[%clk 00:04:00]} {[%emt 00:00:10]} Kf3 {[%clk 00:02:20]} {[%emt 00:00:27]} 69.
Bc7 {[%clk 00:04:25]} {[%emt 00:00:05]} Kg3 {[%clk 00:02:37]} {[%emt 00:00:13]}
70. Bd6 {[%clk 00:04:49]} {[%emt 00:00:07]} Bb7 {[%clk 00:02:43]} {[%emt
00:00:23]} 71. Bc7 {[%clk 00:05:06]} {[%emt 00:00:12]} Bg2 {[%clk 00:02:39]}
{[%emt 00:00:35]} 72. Bd6 {[%clk 00:05:25]} {[%emt 00:00:11]} Kf3 {[%clk
00:02:12]} {[%emt 00:00:58]} 73. Bc7 {[%clk 00:05:50]} {[%emt 00:00:05]} Ke3
{[%clk 00:02:35]} {[%emt 00:00:06]} 74. Bb6+ {[%clk 00:06:13]} {[%emt
00:00:06]} Ke4 {[%clk 00:03:04]} {[%emt 00:00:02]} 75. Kf2 {[%clk 00:06:30]}
{[%emt 00:00:13]} f3 {[%clk 00:03:33]} 76. Bd8 {[%clk 00:06:50]} {[%emt
00:00:10]} 1/2-1/2